<?xml version="1.0" encoding="UTF-8"?>
<record
    xmlns:xsi="http://www.w3.org/2001/XMLSchema-instance"
    xsi:schemaLocation="http://www.loc.gov/MARC21/slim http://www.loc.gov/standards/marcxml/schema/MARC21slim.xsd"
    xmlns="http://www.loc.gov/MARC21/slim">

  <leader>00704nam a22002297a 4500</leader>
  <controlfield tag="003">UA-OsUOA</controlfield>
  <controlfield tag="001"> 46072 </controlfield>
  <controlfield tag="007">ta</controlfield>
  <controlfield tag="008">20070601b un ||||| |||| 00| 0 ukr d</controlfield>
  <datafield tag="090" ind1=" " ind2=" ">
    <subfield code="a">368.914</subfield>
    <subfield code="b">&#x41F;25</subfield>
  </datafield>
  <datafield tag="942" ind1=" " ind2=" ">
    <subfield code="c">BK</subfield>
  </datafield>
  <datafield tag="040" ind1=" " ind2=" ">
    <subfield code="a">UA-OsUOA</subfield>
    <subfield code="b">ukr</subfield>
    <subfield code="c">UA-OsUOA</subfield>
    <subfield code="d">UA-OsUOA</subfield>
  </datafield>
  <datafield tag="245" ind1=" " ind2=" ">
    <subfield code="a">&#x41F;&#x435;&#x43D;&#x441;&#x456;&#x439;&#x43D;&#x430; &#x441;&#x438;&#x441;&#x442;&#x435;&#x43C;&#x430; &#x423;&#x43A;&#x440;&#x430;&#x457;&#x43D;&#x438;</subfield>
    <subfield code="b">&#x41D;&#x430;&#x432;&#x447;&#x430;&#x43B;&#x44C;&#x43D;&#x438;&#x439; &#x43F;&#x43E;&#x441;&#x456;&#x431;&#x43D;&#x438;&#x43A;</subfield>
    <subfield code="c">&#x417;&#x430; &#x440;&#x435;&#x434;. &#x413;&#x440;&#x443;&#x448;&#x43A;&#x430; &#x412;.&#x406;.</subfield>
  </datafield>
  <datafield tag="300" ind1=" " ind2=" ">
    <subfield code="a">336 &#x441;.</subfield>
  </datafield>
  <datafield tag="955" ind1=" " ind2=" ">
    <subfield code="a">2</subfield>
  </datafield>
  <datafield tag="041" ind1=" " ind2=" ">
    <subfield code="a">ukr</subfield>
  </datafield>
  <datafield tag="080" ind1=" " ind2=" ">
    <subfield code="a">368.914</subfield>
  </datafield>
  <datafield tag="020" ind1=" " ind2=" ">
    <subfield code="a">966-8251-97-0</subfield>
  </datafield>
  <datafield tag="260" ind1=" " ind2=" ">
    <subfield code="a">&#x41A;.</subfield>
    <subfield code="b">&#x41A;&#x43E;&#x43D;&#x434;&#x43E;&#x440;</subfield>
    <subfield code="c">2006</subfield>
  </datafield>
  <datafield tag="650" ind1=" " ind2="7">
    <subfield code="a">36 &#x417;&#x430;&#x431;&#x435;&#x437;&#x43F;&#x435;&#x447;&#x435;&#x43D;&#x43D;&#x44F; &#x434;&#x443;&#x445;&#x43E;&#x432;&#x43D;&#x438;&#x445; &#x442;&#x430; &#x43C;&#x430;&#x442;&#x435;&#x440;&#x456;&#x430;&#x43B;&#x44C;&#x43D;&#x438;&#x445; &#x436;&#x438;&#x442;&#x442;&#x454;&#x432;&#x438;&#x445; &#x43F;&#x43E;&#x442;&#x440;&#x435;&#x431;</subfield>
    <subfield code="2">UDC</subfield>
  </datafield>
  <datafield tag="999" ind1=" " ind2=" ">
    <subfield code="c">332159</subfield>
    <subfield code="d">332159</subfield>
  </datafield>
  <datafield tag="952" ind1=" " ind2=" ">
    <subfield code="0">0</subfield>
    <subfield code="1">0</subfield>
    <subfield code="2">udc</subfield>
    <subfield code="4">0</subfield>
    <subfield code="7">0</subfield>
    <subfield code="a">102</subfield>
    <subfield code="b">102</subfield>
    <subfield code="d">2007-06-01</subfield>
    <subfield code="e">105/2007</subfield>
    <subfield code="g">48.00</subfield>
    <subfield code="i">104958</subfield>
    <subfield code="l">0</subfield>
    <subfield code="o">368.914 &#x41F;25</subfield>
    <subfield code="p">104958</subfield>
    <subfield code="r">2022-02-06 00:00:00</subfield>
    <subfield code="w">2007-06-01</subfield>
    <subfield code="y">BK</subfield>
  </datafield>
  <datafield tag="952" ind1=" " ind2=" ">
    <subfield code="0">0</subfield>
    <subfield code="1">0</subfield>
    <subfield code="2">udc</subfield>
    <subfield code="4">0</subfield>
    <subfield code="7">0</subfield>
    <subfield code="a">102</subfield>
    <subfield code="b">102</subfield>
    <subfield code="d">2007-06-01</subfield>
    <subfield code="e">105/2007</subfield>
    <subfield code="g">48.00</subfield>
    <subfield code="i">104959</subfield>
    <subfield code="l">0</subfield>
    <subfield code="o">368.914 &#x41F;25</subfield>
    <subfield code="p">104959</subfield>
    <subfield code="r">2022-02-06 00:00:00</subfield>
    <subfield code="w">2007-06-01</subfield>
    <subfield code="y">BK</subfield>
  </datafield>
</record>
